Aluminum Foil - Weird Al - Statistics

General Stats
  • This quiz has been taken 69 times
  • The average score is 125 of 257
Answer Stats
Answer % Correct
a
100%
A
100%
I
100%
foil
92%
(Foil)
92%
the
92%
aluminum
88%
an
84%
it
84%
And
76%
and
76%
bag
72%
for
72%
in
68%
In
68%
my
68%
never
68%
Never
68%
to
68%
To
68%
all
64%
always
64%
keep
64%
save
64%
with
64%
With
64%
you
64%
But
60%
doggie
60%
food
60%
from
60%
From
60%
get
60%
home,
60%
just
60%
later
60%
So
60%
take
60%
waiter
60%
wrap,
60%
wrap
60%
your
60%
bacterial
56%
Be
56%
don't
56%
Don't
56%
finish
56%
formation
56%
fungal
56%
mold
56%
of
56%
then
56%
Then
56%
care,
52%
I'll
52%
(I'll
52%
kind
52%
rot,
52%
seem
52%
still
52%
unchewed
52%
up
52%
what's
52%
code
48%
cooler
48%
(Cooler)
48%
cracked
48%
deal
48%
enzymes,
48%
fresh
48%
got
48%
is
48%
I've
48%
less
48%
sandwich
48%
That
48%
that,
48%
tupperware
48%
best
44%
by
44%
containers
44%
Microbes
44%
nice
44%
no-brainer
44%
Oh,
44%
settle
44%
sleeve
44%
Stick
44%
they
44%
trick
44%
way
44%
when
44%
Eat
40%
finally
40%
herbal
40%
know
40%
like
40%
or
40%
out
40%
read
40%
sealed
40%
secret
40%
shadow
40%
tea
40%
world
40%
World
40%
you'll
40%
(You'll
40%
you're
40%
black
36%
bother
36%
choose
36%
choose,
36%
choose)
36%
domination
36%
figured
36%
flavors
36%
maybe
36%
primed
36%
ready
36%
really
36%
refreshing
36%
tight
36%
baggies,
32%
cling
32%
hat
32%
helicopters
32%
Illuminati
32%
I'm
32%
alien's
28%
border
28%
'cross
28%
glass
28%
jars,
28%
made
28%
Mmm,
28%
they're
28%
this
28%
Wear
28%
'cause
24%
comin'
24%
government
20%
lovely!
20%
mind
20%
New
20%
butt
16%
Order
16%
organizations
16%
oxydation
16%
probe
16%
protected
16%
that's
16%
you've
16%
aware:
12%
big
12%
conspiracy
12%
faked
12%
inclined
12%
landing
12%
moon
12%
Puppet
12%
someone
12%
soon
12%
There's
12%
these
12%
watching
12%
case
8%
lined
8%
little
8%
masters
8%
prove
8%
prove,
8%
prove)
8%
psychotronic
8%
scanning
8%
whole
8%
won't
8%
admit
4%
bit
4%
control
4%
crazy
4%
('Culiar)
4%
Looks
4%
peculiar
4%
rays,
4%
Seems
4%
someday
4%
Thought
4%
Plastice
0%
No matching quizzes found
Score Distribution
Percent of People with Each Score
Percentile by Number Answered
Your Score History
You have not taken this quiz